Sports Quiz

Random Sports or Olympics Quiz

Summer Olympics Keychains Quiz Stats

 Plays Quiz Updated Dec 15, 2017

Score 0/25 Timer 06:00
1 Play Today
% Correct
Football
98.7%
Swimming
98.6%
Boxing
98.4%
Basketball
98.1%
Golf
97.8%
Tennis
96.7%
Cycling
95.7%
Fencing
94.5%
Table Tennis
93.2%
Archery
92.9%
Hurdles
91.7%
Beach Volleyball
91.2%
Wrestling Freestyle
91.1%
% Correct
Sailing
91%
Field Hockey
91%
Badminton
90.7%
Gymnastics
90.1%
Equestrian
85.9%
Weightlifting
85.8%
Rugby
85.3%
High Jump
85.3%
Judo/Tae Kwon Do
81.6%
Discus Throw
80.8%
Handball
77.8%
Trampoline
69.8%

You're not logged in!

Compare scores with friends on all Sporcle quizzes.
OR
Log In

You Might Also Like...

Show Comments

Extras

Top Quizzes Today


Score Distribution

Your Account Isn't Verified!

In order to create a playlist on Sporcle, you need to verify the email address you used during registration. Go to your Sporcle Settings to finish the process.

Report this User

Report this user for behavior that violates our Community Guidelines.

Details: